BIM (Record no. 114169)
[ view plain ]
| 000 -LEADER | |
|---|---|
| fixed length control field | 00952cad a22002535a 4500 |
| 001 - CONTROL NUMBER | |
| control field | L156303 |
| 008 - FIXED-LENGTH DATA ELEMENTS--GENERAL INFORMATION | |
| fixed length control field | 120511s2012 xxk f 000 0 eng d |
| 035 ## - SYSTEM CONTROL NUMBER | |
| System control number | (Sirsi) u156303 |
| 041 0# - LANGUAGE CODE | |
| Language code of text/sound track or separate title | eng |
| 100 1# - MAIN ENTRY--PERSONAL NAME | |
| Personal name | Hore, Alan V |
| 110 0# - MAIN ENTRY--CORPORATE NAME | |
| Corporate name or jurisdiction name as entry element | Construction IT Alliance |
| 245 00 - TITLE STATEMENT | |
| Title | BIM |
| Remainder of title | Building information modelling |
| -- | Ireland's opportunity |
| Medium | [electronic resource] |
| 260 ## - PUBLICATION, DISTRIBUTION, ETC. | |
| Place of publication, distribution, etc. | [S.l.] |
| Name of publisher, distributor, etc. | CITA |
| Date of publication, distribution, etc. | 2012 |
| 520 ## - SUMMARY, ETC. | |
| Summary, etc. | A presentation to the Government Construction Contracts Committee in Ireland on 2nd May 2012; BIM complements Ireland's National Energy Efficiency Action Plan; BIM is a requirement on EU projects. |
| 590 ## - LOCAL NOTE (RLIN) | |
| Local note | KA NTK |
| 650 ## - SUBJECT ADDED ENTRY--TOPICAL TERM | |
| Topical term or geographic name entry element | BUILDING INFORMATION MODELLING |
| 650 24 - SUBJECT ADDED ENTRY--TOPICAL TERM | |
| Topical term or geographic name entry element | BIM |
| 9 (RLIN) | 6219 |
| 651 #4 - SUBJECT ADDED ENTRY--GEOGRAPHIC NAME | |
| Geographic name | Ireland |
| 651 #4 - SUBJECT ADDED ENTRY--GEOGRAPHIC NAME | |
| Geographic name | International |
| 690 ## - LOCAL SUBJECT ADDED ENTRY--TOPICAL TERM (OCLC, RLIN) | |
| Topical term or geographic name as entry element | BIM |
| 9 (RLIN) | 6219 |
| 700 1# - ADDED ENTRY--PERSONAL NAME | |
| Personal name | Montague, Ralph |
| 856 40 - ELECTRONIC LOCATION AND ACCESS | |
| Uniform Resource Identifier | <a href="https://www.cita.ie/images/assets/cita%20pres_gccc_2nd%20may%202012.pdf">https://www.cita.ie/images/assets/cita%20pres_gccc_2nd%20may%202012.pdf</a> |
| Public note | View the presentation here www.cita.ie |
| 942 ## - ADDED ENTRY ELEMENTS (KOHA) | |
| Suppress in OPAC | 0 |
| Withdrawn status | Lost status | Source of classification or shelving scheme | Damaged status | Not for loan | Home library | Current library | Shelving location | Date acquired | Total Checkouts | Full call number | Barcode | Date last seen | Copy number | Price effective from | Koha item type |
|---|---|---|---|---|---|---|---|---|---|---|---|---|---|---|---|
| Dewey Decimal Classification | Virtual | Virtual | Online | 11/05/2012 | ONLINE PUBLICATION | 156303-2001 | 06/08/2019 | 1 | 06/08/2019 | Book |